Rookie of the year / (Запис № 544663)
[ простий вигляд ]
| 000 -LEADER | |
|---|---|
| fixed length control field | 01741cam a2200325Ia 4500 |
| 001 - CONTROL NUMBER | |
| control field | rookieofyear00stra |
| 003 - CONTROL NUMBER IDENTIFIER | |
| control field | CaSfIA |
| 005 - DATE AND TIME OF LATEST TRANSACTION | |
| control field | 20210119075644.0 |
| 007 - PHYSICAL DESCRIPTION FIXED FIELD--GENERAL INFORMATION | |
| fixed length control field | cr|||| |
| 008 - FIXED-LENGTH DATA ELEMENTS--GENERAL INFORMATION | |
| fixed length control field | 930903s1993 nyu j 000 1 eng d |
| 040 ## - CATALOGING SOURCE | |
| Original cataloging agency | HQB |
| Transcribing agency | HQB |
| Modifying agency | OCL |
| -- | MUS |
| -- | OCLCQ |
| -- | TBS |
| -- | BTCTA |
| -- | BAKER |
| -- | CaSfIA |
| 020 ## - INTERNATIONAL STANDARD BOOK NUMBER | |
| International Standard Book Number | 0440409101 (pbk.) : |
| Terms of availability | $3.99 |
| 020 ## - INTERNATIONAL STANDARD BOOK NUMBER | |
| International Standard Book Number | 9780440409106 (pbk.) |
| 035 ## - SYSTEM CONTROL NUMBER | |
| System control number | (OCoLC)28742498 |
| 050 #4 - LIBRARY OF CONGRESS CALL NUMBER | |
| Classification number | PZ7.S899 |
| Item number | Roo 1993 |
| 100 1# - MAIN ENTRY--PERSONAL NAME | |
| Personal name | Strasser, Todd. |
| 245 10 - TITLE STATEMENT | |
| Title | Rookie of the year / |
| Medium | [electronic resource] |
| Statement of responsibility, etc | by Todd Strasser. |
| 260 ## - PUBLICATION, DISTRIBUTION, ETC. (IMPRINT) | |
| Place of publication, distribution, etc | New York : |
| Name of publisher, distributor, etc | Trump Club, |
| Date of publication, distribution, etc | 1993. |
| 300 ## - PHYSICAL DESCRIPTION | |
| Extent | 84 p., [8] p. of plates : |
| Other physical details | ill. ; |
| Dimensions | 17 cm. |
| 500 ## - GENERAL NOTE | |
| General note | Based upon the screenplay by Sam Harper. |
| 520 ## - SUMMARY, ETC. | |
| Summary, etc | The Chicago Cubs are having their usual tough season, and so is their biggest fan, 12-year-old Henry Rowengartner. Henry dreams of playing for the Cubs one day, but can't even cut it as equipment manager for his school team. Then he accidentally breaks his arm. When the cast is removed, Henry's got a l00 m.p.h pitch and a Chicago Cubs uniform! |
| 506 ## - RESTRICTIONS ON ACCESS NOTE | |
| Standardized terminology for access restriction | Необхідна авторизація на https://archive.org/ (створення облікового запису безкоштовно) |
| 506 ## - RESTRICTIONS ON ACCESS NOTE | |
| Standardized terminology for access restriction | Необхідна авторизація на https://openlibrary.org/ (створення облікового запису безкоштовно) |
| 650 #0 - SUBJECT ADDED ENTRY--TOPICAL TERM | |
| Topical term or geographic name as entry element | Baseball |
| Form subdivision | Juvenile fiction. |
| 700 1# - ADDED ENTRY--PERSONAL NAME | |
| Personal name | Harper, Sam. |
| 710 2# - ADDED ENTRY--CORPORATE NAME | |
| Corporate name or jurisdiction name as entry element | Chicago Cubs (Baseball team) |
| 856 41 - ELECTRONIC LOCATION AND ACCESS | |
| Uniform Resource Identifier | <a href="http://www.archive.org/details/rookieofyear00stra">http://www.archive.org/details/rookieofyear00stra</a> |
| Public note | Free eBook from the Internet Archive |
| 856 42 - ELECTRONIC LOCATION AND ACCESS | |
| Uniform Resource Identifier | <a href="http://www.openlibrary.org/books/OL7521205M">http://www.openlibrary.org/books/OL7521205M</a> |
| Public note | Additional information and access via Open Library |
| 942 ## - ADDED ENTRY ELEMENTS (KOHA) | |
| Koha item type | ЕКнига |
Немає доступних примірників.